| 000 | 00374nam a2200145Ia 4500 | ||
|---|---|---|---|
| 008 | 211109s9999||||xx |||||||||||||| ||und|| | ||
| 082 |
_a820 _bGOS-N |
||
| 100 | _aGosse, Edmund | ||
| 245 | 0 | _aNorthern Studies | |
| 260 |
_bWalter Scott _aLondon _c1900 |
||
| 300 | _a268p. | ||
| 630 | _xGeneral Stack | ||
| 650 |
_aEnglish & Old English literatures _xLiterature |
||
| 942 | _cBOOK | ||
| 999 |
_c1986 _d1986 |
||